The Malay Peoples of Malaysia and Their Language
| Main Author: | |
|---|---|
| Format: | Book |
| Published: |
Kuala Lumpur :
Dewan Bahasa dan Pustaka ,
1983
|
| Subjects: |
MARC
| LEADER | 00000cam a2200000 7i4500 | ||
|---|---|---|---|
| 001 | 0000007871 | ||
| 005 | 20161221.0 | ||
| 020 | |a 64024540101 | ||
| 040 | |a INS | ||
| 090 | 0 | 0 | |a DS595 |b A86 1983 |
| 100 | 1 | |a Asmah Haji Omar |f Prof. Dato Dr. | |
| 245 | 1 | 4 | |a The Malay Peoples of Malaysia and Their Language |c Dato' Dr. Hajah Asmah Haji Omar |
| 260 | |a Kuala Lumpur : |b Dewan Bahasa dan Pustaka , |c 1983 | ||
| 300 | |a 682p. ; |c 22 cm. | ||
| 650 | 0 | 0 | |a Malays (Asian people) |
| 999 | |a 0000022169 |b BOOK |c Open Shelf |e Default branch | ||